000 00499cam a22001337a 4500
008 180718b1969 xxu||||| |||| 00| 0 eng d
082 _aJ7065x42 Un3
245 _aStatistics for town and country planning
_cby Ministry of Housing and Local Government
260 _aLondon
_bHer Majesty's
_c1969
300 _aviii,32p.
650 _aIndustrial floor space --Great Britain --Statistics.
650 _aCity planning --Great Britain --Statistics
700 _aU.K.Ministry of Housing and Local Government
999 _c416689
_d416689